Φιλοσοφία και ανθρωπιστική φιλολογία = Philosophie und humanistische Philologie : τρεις επιστημονικαί ανακοινώσεις : drei Vortrage
Αποθηκεύτηκε σε:
| Κύριος συγγραφέας: | |
|---|---|
| Άλλοι συγγραφείς: | , |
| Μορφή: | Βιβλίο |
| Γλώσσα: | Greek German |
| Δημοσίευση: |
Αθήνα :
Ελληνική Ανθρωπιστική Εταιρεία,
1974.
|
| Σειρά: | Ελληνική Ανθρωπιστική Εταιρεία-Μελέται και Έρευναι ;
26. |
| Θέματα: | |
| Ετικέτες: |
Προσθήκη ετικέτας
Δεν υπάρχουν, Καταχωρήστε ετικέτα πρώτοι!
|
MARC
| LEADER | 00000cam a2200000 i 4500 | ||
|---|---|---|---|
| 001 | 1/24810 | ||
| 008 | 060221s1974####gr | | ||| |||| ||gre|| | ||
| 035 | |l 10082758 | ||
| 040 | |a GR-MY-UA |b gre |e aacr | ||
| 041 | 0 | |a gre |a ger | |
| 082 | 0 | |a 121 |2 (22) | |
| 100 | 1 | |a Hubner, Kurt, |d 1919- | |
| 245 | 1 | 0 | |a Φιλοσοφία και ανθρωπιστική φιλολογία = |b Philosophie und humanistische Philologie : τρεις επιστημονικαί ανακοινώσεις : drei Vortrage / |c Kurt Hubner-Stanley Jaki-Jonas Palm. |
| 246 | 1 | |i Παράλληλος τίτλος: |a Philosophie und humanistische Philologie : |b drei Vortrage | |
| 260 | |a Αθήνα : |b Ελληνική Ανθρωπιστική Εταιρεία, |c 1974. | ||
| 300 | |a 102 σ.; |c 24 εκ. | ||
| 490 | 1 | |a Ελληνική ανθρωπιστική εταιρεία = Griechische humanistische gesellschaft. Μελέται και έρευνα |v ; 26 | |
| 490 | |a = Internationales zentrum fur klassisch-humanistische forschungen. studien und untersuchungen | ||
| 500 | |a Κείμενο σε ελληνικά, αγγλικά και γερμανικά. | ||
| 630 | 0 | 0 | |a Bible. N.T. |x Translating. |
| 630 | 0 | 0 | |a Bible. N.T. |x Versions. |
| 650 | 0 | 0 | |a Relativity. |
| 650 | 0 | 0 | |a Science |x Moral and ethical aspects. |
| 700 | 1 | |a Jaki, Stanley L. | |
| 700 | 1 | |a Palm, Jonas. | |
| 830 | 0 | |a Ελληνική Ανθρωπιστική Εταιρεία-Μελέται και Έρευναι ; |v 26. | |
| 852 | |a INST |b LESVOS |e 20060221 |h 121 HUB |p 005100034561 |q 005100034561 |t BK |y 0 | ||
| 901 | |a BIBL1-2006-1 | ||
| 909 | |a Λ |b 125937 | ||
| 970 | |a ΚΑΡΑ |b ΓΙΑΣΕΜΗ |z 2006/02/21 | ||